| 000 | 00881na a2200289 4500 | ||
|---|---|---|---|
| 001 | 13869 | ||
| 003 | MIRAKIL | ||
| 005 | 20181213155053.0 | ||
| 008 | 161024b tu 000 0 | ||
| 020 | _a9759322412 | ||
| 035 | _a13869 | ||
| 040 |
_aMilas _btur _cTR-AnCHP |
||
| 041 | _atur | ||
| 082 |
_a303.483 _bT96b 2002 |
||
| 090 | _a303.483 T96b 2002 | ||
| 111 |
_aTürkiye Bilişim Şurası _cAnkara _d2002 |
||
| 245 |
_aBilgi toplumuna doğru _cdüzenleyen Başbakanlık Müsteşarlığı ... [ve öte.] |
||
| 260 |
_aAnkara _bT.C. Başbakanlık _c2002 |
||
| 300 |
_a550 s. _c30 sm. |
||
| 500 | _aDış kapakta yapıt adı : "Bilgi toplumuna doğru" | ||
| 650 |
_aToplumsal değişim _zTürkiye |
||
| 650 | _aBilgi toplumu | ||
| 650 |
_aBilişim _xToplantılar |
||
| 710 | _aBaşbakanlık Müsteşarlığı | ||
| 740 | _aBilgi toplumuna doğru | ||
| 942 |
_2ddc _cBKS |
||
| 999 |
_c6007 _d6007 |
||